| 000 | 00591nam a2200193Ia 4500 | ||
|---|---|---|---|
| 003 | GCL | ||
| 008 | 140319s9999 xx 000 0 ara d | ||
| 040 |
_aGCL / _cGCL |
||
| 082 | 0 | 4 |
_a817 _bن ز |
| 100 | 1 | _aنبية الدامورى | |
| 245 | 1 | 0 |
_aالزوجات- الحموات: نوادر غربية / _cنبية الدامورى |
| 260 |
_a[S.N] : _bدار الكتاب اللبنانى ، _c1987 |
||
| 300 | _a172 ص | ||
| 490 |
_aاضحك مع _v0 |
||
| 650 | 0 | 4 | _aالادب العربى |
| 650 | 0 | 4 | _aالاهاجى والفكاهات |
| 650 | 0 | 4 | _aالضحك |
| 942 |
_2ddc _cBK |
||
| 999 |
_c34398 _d34398 |
||